| 000 | 01047cam a2200289 i 4500 | ||
|---|---|---|---|
| 001 | 25379 | ||
| 003 | BD-RjUL | ||
| 005 | 20211209050854.0 | ||
| 008 | 140318s1973 ru b 000 0 eng | ||
| 035 | _a(BD-RjUL)25449 | ||
| 040 |
_aDLC _cDLC _dDLC _beng |
||
| 041 | 1 |
_aeng _hrus |
|
| 082 | 0 | 0 |
_a330.95405 _bULA 1973 |
| 100 | 1 |
_aUlyanovsky, R. A. _q(Rostislav Aleksandrovich) _978030 |
|
| 245 | 1 | 0 |
_aAsian dilemma : _ba Soviet view and Myrdal's concept / _cR. Ulyanovsky, V. Pavlov ; [translated from the Russian by Leo Lempert]. |
| 260 |
_aMoscow : _bProgress Publishers, _c1973. |
||
| 300 |
_a169 p. ; _c21 cm. |
||
| 490 | 0 | _aProgress. Theories and critical studies | |
| 504 | _aIncludes bibliographical references. | ||
| 600 | 1 | 0 |
_aMyrdal, Gunnar, _d1898-1987. _9194370 |
| 650 | 0 |
_aMarxian economics. _96707 |
|
| 651 | 0 |
_aSouth Asia _xEconomic conditions. _978031 |
|
| 651 | 0 |
_aSoutheast Asia _xEconomic conditions. _97544 |
|
| 700 | 1 |
_aPavlov, V. I. _q(Vladimir Ivanovich), _ejoint author. _978032 |
|
| 942 |
_2ddc _cBK |
||
| 999 |
_c25379 _d25379 |
||